01676nam a2200361 a 4500001001000000003000500010005001700015008004100032010001100073011001100084040000900095090001000104100004600114245018700160260004100347500006000388502010300448590004100551590004000592590004000632590004000672650004300712650007800755650005800833700004500891856007000936901000701006942001001013942000601023999001901029952013101048952013501179000113803CHAP20220329144414.0170926s2017 mx sm |||||||spa d a110264 a111236 cCHAP aTesis1 aFranco Cornelio, Yadira Alejandra913347310aEstudio exploratorio de la franquicia ADK Different Kebab® en Texcoco de Mora, Edo de Méxicoh[En línea]cpor Yadira Alejandra Franco Cornelio y Juan Salvador Vázquez Muñoz. aChapingo, Méx. :bEl autor,c2017. aPara ver el contenido del material haga clic en la liga aTesis (Lic. en Comercio Internacional) -- UACH. División de Ciencias Económico-Administrativas aE11695DGDb10c20170928lUCH01h1153 aE6339RRRb05c20170926lUCH01h1138 aE6339RRRb05c20170926lUCH01h1138 aE6339RRRb05c20170926lUCH01h114114aFranquiciasxAdministración.913347614aFranquiciasxAspectos socioeconómioszTexcoco, México (Edo.).913347714aFranquiciasxLeyes y legislaciónzMéxico.91334751 aVázquez Muñoz, Juan Salvador9133474 aFinding aiduhttp://10.13.5.2/tesis/sist113803.pdfzTeclea aquí aBK cTESIS n0 c110264d110264 00104054718TESISaBCbBCd2017-09-26fTESISl0oTesisp113805-10r2019-12-31 00:00:00w2019-12-31yTESISzRecien adquirido 00102local4053708TESISaBCbBCcPA_TESISd2017-09-26fTESISl0oTesisp113805-20r2019-12-31 00:00:00tc.2w2019-12-31yTESIS